Głogówek i Głogów
| Titel: | Głogówek i Głogów : Czy tylko związek nazw? |
|---|---|
| Verfasser: | |
| In: |
Ziemia Prudnicka, Band 7 (2007), Seite 50-52 alle Artikel anzeigen |
| Veröffentlicht: | 2007 |
| Format: | Aufsatz |
| Sprache: | Polnisch |
X
alg: 39407766 001A $01999:12-11-16 001B $03025:04-04-24 $t07:34:59.000 001D $01999:12-11-16 001U $0utf8 001X $00 002@ $0Aox 003@ $0394077660 007A $0394077660 $aHEB 007T $0Herdkk00004375 010@ $apol 011@ $a2007 021A $aGłogówek i Głogów $dCzy tylko związek nazw? 028A $7121958108 $8Czechowicz, Bogusław$Z1967- [Tp1] $9153232773 031A $d7 $h50-52 $j2007 037A $aZwiązki między miejscowościami w XIV-XVII w.039B $aIn $8--Abvc--. Ziemia Prudnicka. - Prudnik : Spółka Wydawn. "Aneks", 2002-. - ISSN 1642-977X $x200700000070000950 $9112106501 044K $RGlogau $RWoiwodschaft Niederschlesien $#Glogau $#Gross-Glogau $#Glogau $#Glogovia $#Glogovia major $#Gloavia $#Glogua $#Gmina Głogów $72124827-8 $8Głogów [Tg1] $9043692192 044K $ROberglogau $#Oberglogau $75057306-8 $8Głogówek [Tg1] $9044719264 045F $a907.209438 $eDDC23BSB 045F/01 $a907.2 045F/03 $g438 045F/03 $g4385 045T $a7,41 lok: 39407766 78 exp: 39407766 78 1 #EPN 201B/01 $004-04-24 $t07:34:59.000 201U/01 $0utf8 203@/01 $079018818X 208@/01 $a12-11-16 $be 209A/01 $a/ $f000 $x00 220C/01 $aTitelaufnehmer: pbb 220C/01 $aHerkunft: PBB/IH PAN 244Z/01 $2Trx $#Silesia $#Śląsk $#Sliezsko $#Slezsko $8--Trx--Schlesien $x01 $9391173987 244Z/01 $2Trx $#Poola $#Lenkija $#Polija $#Polen Land $#Poland $#Lengyelország $#Poľsko $#Polsko $8--Trx--Polska$gkraj $x02 $9391345966 244Z/01 $#Glogau $#Gross-Glogau $#Glogau $#Glogovia $#Glogovia major $#Gloavia $#Glogua $#Gmina Głogów $72124827-8 $8--Tg1--Głogów $x03 $9043692192 244Z/01 $#Oberglogau $75057306-8 $8--Tg1--Głogówek $x04 $9044719264 244Z/01 $2Trx $8--Trx--Zeitschriftenaufsatz $x05 $9391384341 245Z/01 $a13.03 $x01 245Z/01 $a06.01 $x02 247C/01 $82080>Marburg/Lahn, Herder-Institut, Forschungsbibliothek, Bibliographieportal $9336309341
| LEADER | 00000caa a22000002c 4500 | ||
|---|---|---|---|
| 001 | 394077660 | ||
| 003 | DE-603 | ||
| 005 | 20240404073459.0 | ||
| 007 | tu | ||
| 008 | 161112s2007 xx |||| | u00||u|pol c | ||
| 035 | |a (DE-599)HEB394077660 | ||
| 040 | |a DE-603 |b ger |c DE-603 |d DE-603 | ||
| 041 | |a pol | ||
| 082 | 0 | 4 | |8 1\u |a 907.209438 |q DE-101 |2 23/BSB |
| 084 | |a 7,41 |2 ssgn | ||
| 085 | |8 1\u |b 907.2 | ||
| 085 | |8 1\u |z 2 |s 438 | ||
| 085 | |8 1\u |z 2 |s 4385 | ||
| 100 | 1 | |a Czechowicz, Bogusław |d 1967- |0 (DE-603)153232773 |0 (DE-588)121958108 |2 gnd | |
| 245 | 0 | 0 | |a Głogówek i Głogów |b Czy tylko związek nazw? |
| 264 | 0 | |c 2007 | |
| 500 | |a Związki między miejscowościami w XIV-XVII w. <pol> | ||
| 651 | 7 | |a Głogów |0 (DE-588)2124827-8 |0 (DE-603)043692192 |2 gnd | |
| 651 | 7 | |a Głogówek |0 (DE-588)5057306-8 |0 (DE-603)044719264 |2 gnd | |
| 773 | 0 | 8 | |i In |t Ziemia Prudnicka |d Prudnik : Spółka Wydawn. "Aneks", 2002- |x 1642-977X |g Band 7 (2007), Seite 50-52 |w (DE-603)112106501 |w (DE-600)2111590-4 |
| 924 | 0 | |9 2080 |a (DE-603)79018818X |b DE-2080 |c HES |d d |g / | |


